Paliatívna medicína a liečba bolesti

Bibliographic Details
Format: Journal
Language:Slovak
PhysicalDescription:6 zv. 30 cm
Published: Bratislava Solen 2008-2013
ISSN:1337-6896
Subjects:

MARC

LEADER 00000cas a2200000 a 4500
001 vtls009288884
003 SK-MaSNL
005 20260228162326.0
008 141017c20082013xo tr|p 0 b0slo
022 |a 1337-6896 
040 |a SNK  |b slo  |c SNK  |d SVKBB  |d SAVUK  |e AACR2 
041 0 |a slo 
044 |a xo  |c SK 
072 7 |a 616  |x Patológia. Klinická medicína  |2 konspekt 
080 |a 616-093.75  |2 2001 
080 |a 616.8-009.7-08  |2 2001 
080 |a 050  |2 2001 
080 |a (051)-027.561  |2 2001 
210 0 |a Paliat. med. lieč. boles. 
222 0 |a Paliatívna medicína a liečba bolesti 
245 0 0 |a Paliatívna medicína a liečba bolesti 
260 |a Bratislava  |b Solen  |c 2008-2013 
300 |a 6 zv.  |c 30 cm 
310 |a 3x ročne 
362 0 |a Roč. 1, č. 1 (2008)-roč. 6, č. 2 (2013) 
500 |a Evidenčné číslo: EV 3582/09 
500 |a V r. 2014 nevychádzal, od 2015 už len v elektronickej podobe 
525 |a Má prílohu: Paliatívna medicína a liečba bolesti. Suplement, ISSN 1337-9917 
650 0 7 |a paliatívna medicína  |2 SNKPH  |9 78340 
650 0 7 |a paliatívna starostlivosť  |2 SNKPH  |9 2558 
650 0 7 |a terapia bolesti  |2 SNKPH  |9 3789 
650 0 7 |a Palliative medicine  |2 SNKPHeng  |9 270794 
650 0 7 |a Palliative care  |2 SNKPHeng  |9 270795 
650 0 7 |a Pain therapy  |2 SNKPHeng  |9 270796 
655 7 |a odborné časopisy  |2 SNKPH  |9 70505 
655 7 |a Professional journals  |2 SNKPHeng  |9 265007 
770 0 |t Paliatívna medicína a liečba bolesti. Suplement  |x 1337-9917  |w vtls010200405 
852 |a Štátna vedecká knižnica v Banskej Bystrici 
910 |a snk 
910 |a savuk 
916 |a 2008-2013 
999 |c 7568  |d 9498 
952 |0 0  |1 0  |4 0  |7 0  |8 0  |a SNK  |b SNK  |d 2014-10-17  |f 1  |i snk2014/22243  |l 0  |o snkČSB 5922/5/2012  |p 17A1089115  |r 2026-02-21 19:44:38  |t č. 1-3  |w 2026-02-21  |y PREZ 
952 |0 0  |1 0  |4 0  |7 0  |8 0  |a SNK  |b SNK  |d 2014-10-17  |i snk2014/22244  |l 0  |o snkČSB 5922/5/2012 D1  |p 17A1089116  |r 2026-02-21 19:44:38  |t č. 1-3  |w 2026-02-21  |y PREZ 
952 |0 0  |1 0  |4 0  |7 0  |8 0  |a SNK  |b SNK  |d 2014-10-17  |f 1  |i snk2014/22271  |l 0  |o snkČSB 5922/6/2013  |p 17A1089117  |r 2026-02-21 19:44:50  |t č. 1-2  |w 2026-02-21  |y PREZ 
952 |0 0  |1 0  |4 0  |7 0  |8 0  |a SNK  |b SNK  |d 2014-10-17  |f 1  |i snk2014/22227  |l 0  |o snkČSB 5922/1/2008  |p 17A1089107  |r 2026-02-21 19:45:05  |t č. 1-3  |w 2026-02-21  |y PREZ 
952 |0 0  |1 0  |4 0  |7 0  |8 0  |a SNK  |b SNK  |d 2014-10-17  |i snk2014/22229  |l 0  |o snkČSB 5922/1/2008 D1  |p 17A1089108  |r 2026-02-21 19:45:05  |t č. 1-3, neúplné  |w 2026-02-21  |y PREZ  |z chýba č. 2,3 
952 |0 0  |1 0  |4 0  |7 0  |8 0  |a SNK  |b SNK  |d 2014-10-17  |f 1  |i snk2014/22231  |l 0  |o snkČSB 5922/2/2009  |p 17A1089109  |r 2026-02-21 19:45:05  |t č. 1-3  |w 2026-02-21  |y PREZ 
952 |0 0  |1 0  |4 0  |7 0  |8 0  |a SNK  |b SNK  |d 2014-10-17  |i snk2014/22232  |l 0  |o snkČSB 5922/2/2009 D1  |p 17A1089110  |r 2026-02-21 19:45:05  |t č. 1-3, neuplné  |w 2026-02-21  |y PREZ  |z chýba č. 1,2 
952 |0 0  |1 0  |4 0  |7 0  |8 0  |a SNK  |b SNK  |d 2014-10-17  |f 1  |i snk2014/22233  |l 0  |o snkČSB 5922/3/2010  |p 17A1089111  |r 2026-02-21 19:45:05  |t č. 1-3  |w 2026-02-21  |y PREZ 
952 |0 0  |1 0  |4 0  |7 0  |8 0  |a SNK  |b SNK  |d 2014-10-17  |i snk2014/22235  |l 0  |o snkČSB 5922/3/2010 D1  |p 17A1089112  |r 2026-02-21 19:45:05  |t č. 1-3, úplný  |w 2026-02-21  |y PREZ  |z č. 1-3 
952 |0 0  |1 0  |4 0  |7 0  |8 0  |a SNK  |b SNK  |d 2014-10-17  |f 1  |i snk2014/22237  |l 0  |o snkČSB 5922/4/2011  |p 17A1089113  |r 2026-02-21 19:45:05  |t č. 1-3  |w 2026-02-21  |y PREZ 
952 |0 0  |1 0  |4 0  |7 0  |8 0  |a SNK  |b SNK  |d 2014-10-17  |i snk2014/22240  |l 0  |o snkČSB 5922/4/2011 D1  |p 17A1089114  |r 2026-02-21 19:45:06  |t č. 1-3  |w 2026-02-21  |y PREZ 
952 |0 0  |1 0  |4 0  |7 0  |8 0  |a SNK  |b SNK  |d 2014-12-17  |i snk2014/28164  |l 0  |o snkČSB 5922/6/2013 D1  |p 17A0870871  |r 2026-02-21 20:42:47  |t č. 1-2  |w 2026-02-21  |y PREZ